000 00682nam a2200241Ia 4500
003 OSt
005 20220923212104.0
006 a|||||r|||| 00| 0
007 ta
008 220922b |||||||| |||| 00| 0 hin d
024 _a150,650
037 _cTextual
040 _aARTS
_cARTS
_bhin
041 _2hin
_ahin
082 _aJ, 152G5
100 _aचौधरी, मुख्त्यार सिंह
245 0 _aखेती
246 _aKhetī
260 _c1935
490 _aकृषि विज्ञान माला; 1
942 _hJ, 152G5
_cTEXL
_2CC
999 _c306330
_d306330